[Event "Challenge"]
[Site "http://www.queenalice.com/game.php?id=689649"]
[Date "2009.11.27"]
[Round "-"]
[White "ymfrancois"]
[Black "goldwing"]
[Result "0-1"]
[WhiteElo "1835"]
[BlackElo "1726"]

1. e4 e5 2. Nf3 d6 3. h3 Nf6 4. Nc3 a6 5. d4 exd4 6. Nxd4 c5 7. Nf3 Be7 8. Bc4
b5 9. Bd5 Ra7 10. Bg5 h6 11. Be3 Bd7 12. a3 a5 13. a4 b4 14. Nb5 Bxb5 15. axb5
O-O 16. c4 Nxd5 17. Qxd5 Bf6 18. Rb1 Kh7 19. O-O Re7 20. b3 Rfe8 21. Nd2 Nd7 22.
f4 Kg8 23. Qxd6 Re6 24. Qd3 Bc3 25. e5 f6 26. Nf3 fxe5 27. Nxe5 Nxe5 28. Qxd8
Rxd8 29. fxe5 Rxe5 30. Bf4 Re4 31. Bc7 Ra8 32. Kh1 a4 33. bxa4 Rxa4 34. Bb6 Rxc4
35. Rf5 Bd4 36. Rf4 Rc3 37. Rxd4 cxd4 38. Bxd4 Rd3 39. Bg1 b3 40. Kh2 Rb4 41. b6
b2 0-1

[Event "Yamaha Venture"]
[Site "http://www.queenalice.com/game.php?id=691443"]
[Date "2009.12.1"]
[Round "-"]
[White "chapichapo"]
[Black "goldwing"]
[Result "1-0"]
[WhiteElo "1792"]
[BlackElo "1778"]

1. e4 e5 2. Nf3 d6 3. Bc4 Nf6 4. d3 h6 5. c3 a6 6. Be3 b5 7. Bb3 Nbd7 8. Nbd2
Bb7 9. O-O Be7 10. d4 Nxe4 11. dxe5 Nxe5 12. Nxe4 Bxe4 13. Nxe5 dxe5 14. Qg4 Bg6
15. Rfd1 Qc8 16. Qg3 Bd6 17. Rd5 O-O 18. Bc5 Bxc5 19. Rxc5 Re8 20. Qxg6 Kh8 21.
Qxf7 Ra7 22. Re1 e4 23. f4 e3 24. Re5 Rxe5 25. fxe5 Rb7 26. e6 c6 27. e7 Rxe7
28. Qxe7 g6 29. Rxe3 g5 30. Qe8+ Qxe8 31. Rxe8+ Kg7 32. Re6 c5 33. Rxa6 c4 34.
Bc2 b4 35. cxb4 h5 36. a4 g4 37. a5 h4 38. b5 g3 39. hxg3 h3 40. gxh3 c3 41.
bxc3 Kf7 42. Rc6 Ke7 43. a6 Kd7 44. a7 Kd8 45. a8=B Kd7 46. Rf6 Ke7 47. Rf5 Kd6
48. g4 Kc7 49. g5 Kb8 50. Bce4 Kc7 51. g6 Kd7 52. g7 Ke7 53. g8=B Kd6 54. c4 Kc7
55. c5 Kb8 56. b6 Kc8 57. Rf8+ Kd7 58. Bac6+ Ke7 59. Rf7+ Ke6 60. b7 Ke5 61.
b8=B+ Kd4 62. Bd6 Ke3 63. Bf4+ Kd4 64. Rd7+ Kxc5 65. Be3+ Kb4 66. Rd5 Ka3 67.
Bc5+ Kb3 68. Rd3+ Kb2 69. Bd4+ Kc1 70. Bb3 Kb1 71. Rd1# 1-0

[Event "Challenge"]
[Site "http://www.queenalice.com/game.php?id=691454"]
[Date "2009.12.1"]
[Round "-"]
[White "mitchelli"]
[Black "goldwing"]
[Result "0-1"]
[WhiteElo "1483"]
[BlackElo "1746"]

1. e4 e5 2. Bc4 Nf6 3. d3 a6 4. Nf3 d6 5. Ng5 Be6 6. Bd2 h6 7. Nf3 Bd7 8. Nc3 b5
9. Bd5 Ra7 10. Be3 a5 11. Bxa7 Na6 12. a3 c6 13. Bb3 c5 14. a4 b4 15. Nd5 Nxd5
16. exd5 Qc7 17. Bc4 Qxa7 18. b3 Be7 19. O-O Bf6 20. Re1 O-O 21. Re3 e4 22. Rb1
exf3 23. Qxf3 Nc7 24. Qf4 Be5 25. Qh4 Qb8 26. f4 Bd4 27. Re1 Re8 28. Kf2 f6 29.
Kf3 Bxe3 30. Rxe3 Rxe3+ 31. Kxe3 Qe8+ 32. Kf3 Qg6 33. Qg3 Qxg3+ 34. Kxg3 h5 35.
Kh4 g6 36. h3 Kg7 37. g4 g5+ 38. fxg5 f5 39. gxf5 Bxf5 40. Kxh5 Bxh3 41. d4 cxd4
42. Bd3 Nxd5 43. Kh4 Bd7 44. c4 dxc3 45. Kh5 Nf4+ 46. Kh4 Nxd3 47. Kh5 c2 48. g6
c1=Q 49. Kh4 Qg1 50. Kh5 Qg4# 0-1

[Event "Challenge"]
[Site "http://www.queenalice.com/game.php?id=695814"]
[Date "2009.12.10"]
[Round "-"]
[White "ymfrancois"]
[Black "goldwing"]
[Result "1-0"]
[WhiteElo "1837"]
[BlackElo "1778"]

1. c4 e5 2. e4 Bc5 3. a3 Qf6 4. Nf3 d6 5. d3 h6 6. Nc3 Be6 7. Be2 Nc6 8. b4 Bb6
9. O-O Nge7 10. Be3 Nd4 11. Nb5 Nxb5 12. cxb5 d5 13. exd5 Nxd5 14. Qc1 Bxe3 15.
fxe3 Nxe3 16. Qxe3 O-O 17. Qxe5 Qxe5 18. Nxe5 f6 19. Bg4 Bxg4 20. Nxg4 Rfe8 21.
Rfe1 Red8 22. Nf2 g5 23. Red1 f5 24. Re1 g4 25. Red1 h5 26. d4 h4 27. d5 Re8 28.
Nd3 b6 29. Nf4 Re3 30. Rd3 Re4 31. Ne6 Rc8 32. Rf1 Re5 33. Rc1 Kf7 34. Rxc7+
Rxc7 35. Nxc7 f4 36. Ne6 g3 37. hxg3 fxg3 38. Rd1 Re3 39. Ng5+ Kf6 40. d6 Re8
41. Nf3 Rd8 42. Nxh4 Ke6 43. Kf1 Rxd6 44. Rxd6+ Kxd6 45. Nf5+ Kd5 46. Ke2 Kc4
47. Nxg3 Kb3 48. Kd3 Kxa3 49. Kc3 Ka2 50. Ne4 Kb1 51. g4 Kc1 52. g5 Kd1 53. g6
Ke2 54. g7 Ke3 55. Nd6 Kf4 56. g8=Q Ke3 57. Qg3+ Ke2 58. Ne4 Kd1 59. Qf2 Kc1 60.
Qf1# 1-0

[Event "Challenge"]
[Site "http://www.queenalice.com/game.php?id=699438"]
[Date "2009.12.17"]
[Round "-"]
[White "mitchelli"]
[Black "goldwing"]
[Result "0-1"]
[WhiteElo "1432"]
[BlackElo "1772"]

1. e4 d5 2. e5 d4 3. d3 e6 4. Nh3 Nc6 5. Bf4 Bb4+ 6. Nd2 Qd5 7. a3 Bxd2+ 8. Qxd2
Nxe5 9. Ng5 f6 10. Nf3 Nxf3+ 11. gxf3 Qxf3 12. Rg1 e5 13. Be2 Qxf4 14. Rxg7 Qxh2
15. Rxc7 Qh1+ 16. Bf1 Bh3 17. Ke2 Ne7 18. Bxh3 Qxh3 19. Qa5 O-O 20. Rxe7 h5 21.
Rg1+ Kh8 22. Qc7 Qf5 23. Qxb7 Rg8 24. Rgg7 Rxg7 25. Rxg7 Rg8 26. Rf7 h4 27. b4
Qg4+ 28. Kd2 Qf4+ 29. Ke2 Qg4+ 30. Ke1 Qf5 31. Qxa7 h3 32. Qb7 h2 33. b5 Qh5 34.
Qh1 Rg1+ 35. Qxg1 hxg1=Q+ 36. Kd2 Qhd1# 0-1

[Event "Challenge"]
[Site "http://www.queenalice.com/game.php?id=702457"]
[Date "2009.12.23"]
[Round "-"]
[White "goldwing"]
[Black "SiColl007"]
[Result "1-0"]
[WhiteElo "1775"]
[BlackElo "1816"]

1. e4 c5 2. d3 d6 3. Nc3 Nf6 4. Nf3 g6 5. h3 Bg7 6. Bg5 Nbd7 7. Bf4 a6 8. d4
cxd4 9. Qxd4 b5 10. g4 Bb7 11. O-O-O O-O 12. Qe3 Rc8 13. Be2 Qc7 14. Rd2 Nc5 15.
Bd3 Ncxe4 16. Bxe4 Nxe4 17. Nxe4 Bxe4 18. Qxe4 Bxb2+ 19. Kxb2 Qc3+ 20. Kb1 Rc4
21. Rd4 Qb4+ 22. Kc1 Qa3+ 23. Kd1 Rxd4+ 24. Nxd4 Qxa2 25. Re1 Qb1+ 26. Kd2 Qb4+
27. Ke2 e5 28. Bd2 Qxd4 29. Qxd4 exd4 30. Kf1 Rc8 31. Bf4 Rxc2 32. Bxd6 Kg7 33.
Be5+ f6 34. Bxd4 Rc6 35. f4 Kf7 36. h4 b4 37. Ra1 Ke6 38. Ke2 f5 39. g5 Kd5 40.
Bh8 Kc4 41. Rc1+ Kb5 42. Rd1 Rc7 43. Rb1 a5 44. Rd1 b3 45. Bf6 a4 46. Rd5+ Rc5
47. Rd7 Kb4 48. Be7 a3 49. Bxc5+ Kxc5 50. Kd2 Kb4 51. Kc1 Kc3 52. Kb1 a2+ 53.
Ka1 Kc2 54. Rc7+ Kd2 55. Rxh7 Kc1 56. Rc7+ Kd2 57. Rc6 1-0

[Event "Challenge"]
[Site "http://www.queenalice.com/game.php?id=703707"]
[Date "2009.12.26"]
[Round "-"]
[White "goldwing"]
[Black "thedead"]
[Result "1-0"]
[WhiteElo "1778"]
[BlackElo "1591"]

1. e4 e5 2. Nf3 d6 3. d4 Nd7 4. d5 c6 5. Ng5 Ngf6 6. Qf3 Be7 7. Qe2 O-O 8. Nc3
Nxd5 9. exd5 Bxg5 10. Bxg5 Qxg5 11. Ne4 Qd8 12. dxc6 bxc6 13. O-O-O d5 14. Ng3
Nf6 15. Qxe5 Re8 16. Qc3 Bd7 17. Be2 Qc7 18. Rhe1 Rad8 19. a4 c5 20. b4 Bxa4 21.
b5 Bxb5 22. Bxb5 1-0

[Event "Challenge"]
[Site "http://www.queenalice.com/game.php?id=705839"]
[Date "2009.12.30"]
[Round "-"]
[White "goldwing"]
[Black "charles31"]
[Result "0-1"]
[WhiteElo "1787"]
[BlackElo "1767"]

1. e4 e5 2. d4 exd4 3. Qxd4 Nc6 4. Qd1 Bb4+ 5. c3 Ba5 6. b4 Bb6 7. a4 a6 8. a5
Ba7 9. Nf3 h6 10. Nbd2 d5 11. e5 Bg4 12. Be2 Bxf3 13. Nxf3 f6 14. e6 Qd6 15. Nd4
Bxd4 16. cxd4 Qxe6 17. O-O Nxb4 18. Bxa6 Qxa6 19. Re1+ Ne7 20. Qe2 Nc6 21. Ba3
Qxe2 22. Rxe2 Rxa5 23. Re3 Kf7 24. Rae1 Re8 25. h3 Ra4 26. Bb2 Nxd4 27. Ba3 Rxa3
28. Rxa3 c5 29. Ra7 b5 30. Rd1 Kg6 31. Rc7 Nb3 32. Re1 Kf7 33. f4 d4 34. Kf2 Kf8
35. g4 d3 36. Rd1 Nd5 37. Rd7 Nxf4 38. Kg3 g5 39. Ra1 Nxa1 40. Rxd3 Nxd3 41. Kf3
Nc2 42. Kg2 b4 43. Kf3 b3 44. Kg3 b2 45. Kf3 b1=Q 46. Kg2 Re2+ 47. Kf3 Qf1+ 48.
Kg3 Qg2# 0-1

[Event "Challenge"]
[Site "http://www.queenalice.com/game.php?id=706147"]
[Date "2009.12.31"]
[Round "-"]
[White "goldwing"]
[Black "Nautylus"]
[Result "1-0"]
[WhiteElo "1763"]
[BlackElo "1726"]

1. e4 e5 2. Nf3 d6 3. d4 f6 4. d5 a6 5. Nc3 Nd7 6. Be3 c6 7. Bc4 Ne7 8. dxc6
Nxc6 9. Nd5 b5 10. Bd3 Bb7 11. Nh4 g5 12. Qh5# 1-0

[Event "Challenge"]
[Site "http://www.queenalice.com/game.php?id=706514"]
[Date "2009.12.31"]
[Round "-"]
[White "edsonholanda"]
[Black "goldwing"]
[Result "0-1"]
[WhiteElo "1732"]
[BlackElo "1770"]

1. e4 e5 2. Nf3 d6 3. Nc3 Nf6 4. Nd5 Be6 5. Nxf6+ Qxf6 6. d4 exd4 7. Nxd4 Nc6 8.
Nxc6 bxc6 9. Bd3 d5 10. O-O Bd6 11. exd5 cxd5 12. Bb5+ Kf8 13. Be3 Rb8 14. a4
Qe5 15. c3 Qxh2# 0-1

[Event "Challenge"]
[Site "http://www.queenalice.com/game.php?id=708389"]
[Date "2010.1.4"]
[Round "-"]
[White "Maffu"]
[Black "goldwing"]
[Result "0-1"]
[WhiteElo "1741"]
[BlackElo "1784"]

1. d4 d5 2. e3 e6 3. Bd3 Nf6 4. f4 Bd6 5. Nf3 Nc6 6. c3 Bd7 7. O-O a5 8. Nbd2 h5
9. a4 h4 10. Ng5 Be7 11. Nh3 Qc8 12. Nf2 Na7 13. Nf3 c5 14. Ne5 c4 15. Bc2 Nc6
16. Nxd7 Qxd7 17. Ng4 Nxg4 18. Qxg4 O-O-O 19. f5 e5 20. e4 exd4 21. exd5 Ne5 22.
Qxg7 d3 23. Qxe5 Rde8 24. Bd1 Bc5+ 25. Be3 Bxe3+ 0-1

[Event "Challenge"]
[Site "http://www.queenalice.com/game.php?id=712611"]
[Date "2010.1.12"]
[Round "-"]
[White "goldwing"]
[Black "chapichapo"]
[Result "0-1"]
[WhiteElo "1793"]
[BlackElo "1737"]

1. e4 e5 2. Nf3 Nf6 3. Nxe5 Nxe4 4. Qe2 Qe7 5. Qxe4 d6 6. d4 Nc6 7. Bb5 Bd7 8.
O-O dxe5 9. d5 Nd4 10. Bxd7+ Kxd7 11. c3 f5 12. d6 Qxd6 13. Qxb7 Ne2+ 14. Kh1
Be7 15. Qf3 Qa6 16. Qxf5+ Ke8 17. Qxe5 Ng3+ 18. hxg3 Qxf1+ 19. Kh2 Qxc1 20. c4
Rf8 21. c5 Qxc5 22. Qxg7 Qc1 23. a4 Bf6 24. Qxh7 Rf7 25. Qe4+ Be7 26. Qxa8+ Bd8
27. g4 Qxb2 28. Ra3 Rh7+ 29. Kg3 Qe5+ 30. f4 Qe1+ 31. Kf3 Qxb1 32. Re3+ Re7 33.
Qc6+ Kf8 34. Qf6+ Kg8 35. Rxe7 Qb3+ 36. Kf2 Qc2+ 37. Kg3 Bxe7 38. Qxe7 Qxa4 39.
Qxc7 a5 40. g5 Qb3+ 41. Kg4 a4 42. g6 Qe6+ 43. f5 Qe4+ 44. Kg5 Qxg2+ 45. Kf6
Qb2+ 46. Ke7 Qg7+ 47. Kd8 Qxc7+ 48. Kxc7 a3 49. f6 a2 50. f7+ Kf8 51. Kd7 a1=Q
52. Ke6 Qf1 53. g7+ Kxg7 54. Ke7 Qxf7+ 55. Kd6 Qf5 56. Kc6 Qe5 57. Kb6 Qd5 58.
Ka6 Qc5 59. Kb7 Kf7 60. Ka6 Ke7 61. Kb7 Kd7 62. Ka8 Qb5 63. Ka7 Kc7 64. Ka8 Qa5#
0-1

[Event "Challenge"]
[Site "http://www.queenalice.com/game.php?id=713389"]
[Date "2010.1.13"]
[Round "-"]
[White "Nautylus"]
[Black "goldwing"]
[Result "0-1"]
[WhiteElo "1591"]
[BlackElo "1793"]

1. e4 e5 2. d4 d5 3. dxe5 dxe4 4. Qxd8+ Kxd8 5. Nf3 exf3 6. gxf3 b6 7. Bg2 Bb7
8. O-O Ke8 9. Nc3 Bc6 10. Be3 Nd7 11. Rae1 Nxe5 12. Bd4 f6 13. Bxe5 fxe5 14.
Rxe5+ Be7 15. f4 Bxg2 16. Kxg2 Nf6 17. Rfe1 Ng8 18. Nd5 Kd7 19. Nxe7 Nxe7 20.
Rxe7+ Kc6 21. c4 Kb7 22. a4 g6 23. b4 Rad8 24. b5 Rd4 25. Rf7 Rxc4 26. Ree7 h5
27. h4 Rd8 28. Kf3 Rd5 29. f5 Rdd4 30. Re8 a6 31. bxa6+ Kxa6 32. Ra8+ Kb7 0-1

[Event "Challenge"]
[Site "http://www.queenalice.com/game.php?id=713940"]
[Date "2010.1.14"]
[Round "-"]
[White "goldwing"]
[Black "cJw314"]
[Result "0-1"]
[WhiteElo "1811"]
[BlackElo "1721"]

1. e4 e5 2. Nf3 c5 3. Nxe5 d6 4. Nf3 Nc6 5. Bb5 Nf6 6. d3 a6 7. Bxc6+ bxc6 8.
Bg5 Be7 9. Nc3 Rb8 10. b3 d5 11. Ne5 Qc7 12. Nf3 dxe4 13. dxe4 Rb4 14. Nd2 Qe5
15. a3 Nxe4 16. Ndxe4 Bxg5 17. axb4 cxb4 18. O-O bxc3 19. h3 Bf5 20. Nxg5 O-O
21. Rxa6 Bc8 22. Rxc6 Qxg5 23. Qd3 Bb7 24. Qxc3 Qd5 25. f3 Bxc6 26. b4 Rc8 27.
Qa1 Bb5 28. Rd1 Qc4 29. c3 Qc7 30. Rd4 h6 31. Rd5 Qb7 32. Rd4 Qb6 33. Kh1 Rd8
34. Rg4 Be2 35. Kh2 Rd1 36. Qb2 Qg1+ 37. Kg3 Qe1+ 38. Kf4 g5+ 39. Ke4 Bd3+ 40.
Kd4 Bf5+ 41. Kc5 Bxg4 42. hxg4 Qe5+ 43. Kc4 Qd5# 0-1

[Event "Challenge"]
[Site "http://www.queenalice.com/game.php?id=719465"]
[Date "2010.1.24"]
[Round "-"]
[White "Balneolais"]
[Black "goldwing"]
[Result "0-1"]
[WhiteElo "983"]
[BlackElo "1791"]

1. Nf3 d5 2. d4 Bf5 3. e3 e6 4. a3 Nf6 5. c4 dxc4 6. Bxc4 Bd6 7. Nc3 a6 8. Bd2
Nc6 9. O-O Ne7 10. Be2 Nfd5 11. Nxd5 exd5 12. Rc1 b5 13. b4 a5 14. Bxb5+ Bd7 15.
Bxd7+ Qxd7 16. Qb3 a4 17. Qb1 O-O 18. Ng5 g6 19. e4 h6 20. e5 hxg5 21. exd6 Qxd6
22. Bxg5 f6 0-1

[Event "Challenge"]
[Site "http://www.queenalice.com/game.php?id=719782"]
[Date "2010.1.25"]
[Round "-"]
[White "pavol1090321"]
[Black "goldwing"]
[Result "0-1"]
[WhiteElo "1855"]
[BlackElo "1774"]

1. e4 e5 2. Nf3 d6 3. d4 exd4 4. Qxd4 Nc6 5. Qc3 Nf6 6. Bd3 d5 7. Qd2 dxe4 8.
Bxe4 Nxe4 9. Qe3 Bf5 10. Qf4 g6 11. g4 Bd6 12. Qe3 Bb4+ 13. c3 Bc5 14. Qe2 O-O
15. gxf5 gxf5 16. Be3 Re8 17. Rg1+ Kh8 18. Kf1 Bxe3 19. Na3 Bxf2 20. Rg2 Ng3+
21. hxg3 Rxe2 22. Kxe2 Bb6 23. Nd2 Qe8+ 24. Kd1 Qe3 25. Kc2 Rd8 26. Rd1 Re8 27.
Nac4 Qh6 28. a3 Na5 29. Nxa5 Bxa5 30. Rf2 Qg6 31. Kc1 Bb6 32. Rf3 Re3 33. Rdf1
Rxf3 34. Rxf3 Qg5 35. Rd3 Be3 36. Kc2 Bxd2 37. Rxd2 Qxg3 38. Rd7 f4 39. Rxc7 f3
40. Rxb7 f2 41. Rxf7 Qg2 0-1

[Event "coyote78"]
[Site "http://www.queenalice.com/game.php?id=720973"]
[Date "2010.1.26"]
[Round "4"]
[White "goldwing"]
[Black "jope"]
[Result "1-0"]
[WhiteElo "1781"]
[BlackElo "1737"]

1. e4 c5 2. d3 d6 3. Be3 g6 4. Be2 Nf6 5. Nc3 Bg7 6. h3 O-O 7. Nf3 Be6 8. a4
Nbd7 9. Nd2 d5 10. exd5 Nxd5 11. Nxd5 Bxd5 12. O-O Nf6 13. Bxc5 b6 14. Be3 Qd7
15. c4 Bc6 16. Ra2 Qc7 17. b4 Qb7 18. Nf3 e5 19. b5 Bd7 20. Nxe5 Be6 21. Bf3 Nd5
22. cxd5 Bxd5 23. Nc6 Bxa2 24. Nb4 Qe7 25. Bxa8 Rxa8 26. Nxa2 Rd8 27. d4 Qa3 28.
Nc1 Qc3 29. Ne2 Qc7 30. d5 Qc4 31. Nf4 g5 32. Nh5 Bh6 33. d6 Qe6 34. Qf3 Rxd6
35. a5 bxa5 36. Bc5 Rd8 37. Bxa7 Qe5 38. b6 Bf8 39. b7 Bd6 40. g3 a4 41. Rb1 a3
42. Qb3 g4 43. hxg4 Qe2 44. Qd1 Qe7 45. b8=Q Rxb8 46. Bxb8 a2 47. Ra1 Bxb8 48.
Rxa2 Qf8 49. Rd2 Bc7 50. Re2 1-0

[Event "Rematch! : )"]
[Site "http://www.queenalice.com/game.php?id=725068"]
[Date "2010.2.3"]
[Round "-"]
[White "cJw314"]
[Black "goldwing"]
[Result "1-0"]
[WhiteElo "1734"]
[BlackElo "1793"]

1. e4 e5 2. Nf3 d6 3. d4 exd4 4. Nxd4 Qe7 5. Nc3 Nf6 6. Bd3 Bd7 7. O-O Nc6 8.
Be3 O-O-O 9. Ndb5 Kb8 10. Nd5 Nxd5 11. exd5 Ne5 12. Bxa7+ Kc8 13. Bd4 Bxb5 14.
Bxb5 c6 15. dxc6 bxc6 16. Ba6+ Kd7 17. Re1 Ke8 18. Bd3 g6 19. Be4 Qc7 20. c3 c5
21. Bxe5 dxe5 22. Qa4+ Ke7 23. b4 f5 24. Bc2 Kf7 25. b5 Bd6 26. Rab1 Ra8 27. b6
Qb7 28. Qc4+ Kf6 29. Bb3 Rhe8 30. a4 Re7 31. Qh4+ Kg7 32. f4 e4 33. Red1 Rd7 34.
Bd5 Qb8 35. Bxa8 Qxa8 36. Rxd6 Rxd6 37. Qe7+ Kh6 38. Qxd6 e3 39. b7 Qxa4 40.
b8=Q e2 41. Qbf8+ Kh5 42. Qdf6 e1=Q+ 43. Rxe1 Qxf4 44. Qxc5 Qd2 45. Qf2 Qxf2+
46. Kxf2 h6 47. g3 g5 48. Re5 f4 49. g4+ Kh4 50. Qxh6+ Kxg4 51. h3# 1-0

[Event "Challenge"]
[Site "http://www.queenalice.com/game.php?id=732321"]
[Date "2010.2.15"]
[Round "-"]
[White "goldwing"]
[Black "shmurtz91"]
[Result "0-1"]
[WhiteElo "1801"]
[BlackElo "1812"]

1. e4 e5 2. Bc4 Bc5 3. Qf3 Nf6 4. Nc3 d6 5. d3 h6 6. h3 Nc6 7. Be3 Bb4 8. Bd2
Nd4 9. Qd1 c6 10. a3 Bc5 11. b4 Bb6 12. Nge2 O-O 13. a4 Be6 14. Bxe6 fxe6 15. a5
Bc7 16. Be3 Nxe2 17. Qxe2 d5 18. exd5 exd5 19. Bd2 d4 20. Ne4 Nd5 21. Qg4 Nf6
22. Nxf6+ Rxf6 23. O-O Qd6 24. Be1 Rg6 25. Qe4 Rf8 26. f3 Rf4 27. Qe2 e4 28. Bg3
Rxg3 29. fxe4 Re3 30. Qh5 Rxf1+ 31. Rxf1 Qh2+ 32. Kf2 Bg3# 0-1

[Event "Challenge"]
[Site "http://www.queenalice.com/game.php?id=739652"]
[Date "2010.3.1"]
[Round "-"]
[White "goldwing"]
[Black "coccobill"]
[Result "0-1"]
[WhiteElo "1785"]
[BlackElo "2096"]

1. e4 e5 2. Nf3 Nc6 3. d4 exd4 4. Nxd4 Nxd4 5. Qxd4 Ne7 6. Nc3 Nc6 7. Qd1 Bb4 8.
Bd2 d6 9. a3 Bc5 10. f3 O-O 11. b4 Bb6 12. Qc1 Be6 13. Be2 Qh4+ 14. g3 Qe7 15.
Be3 Qf6 16. Qd2 Nd4 17. O-O-O Nxe2+ 18. Qxe2 Qxc3 19. Qd3 Bxe3+ 20. Kb1 Qxd3 21.
Rxd3 Bb6 22. c4 Bxc4 23. Rc3 Bb5 24. f4 Bc6 25. Re1 Rae8 26. e5 dxe5 27. fxe5
Bd4 28. Rb3 Rxe5 29. Rf1 Re2 30. b5 Be4+ 31. Kc1 Rxh2 32. a4 Rc2+ 33. Kd1 Rd8
34. g4 Bc3# 0-1